<?xml version="1.0" encoding="UTF-8"?>
<record
    xmlns:xsi="http://www.w3.org/2001/XMLSchema-instance"
    xsi:schemaLocation="http://www.loc.gov/MARC21/slim http://www.loc.gov/standards/marcxml/schema/MARC21slim.xsd"
    xmlns="http://www.loc.gov/MARC21/slim">

  <leader>03178nam a22004577a 4500</leader>
  <datafield tag="952" ind1=" " ind2=" ">
    <subfield code="0">0</subfield>
    <subfield code="1">0</subfield>
    <subfield code="2">lcc</subfield>
    <subfield code="4">0</subfield>
    <subfield code="7">0</subfield>
    <subfield code="a">20</subfield>
    <subfield code="b">20</subfield>
    <subfield code="d">2017-06-06</subfield>
    <subfield code="l">2</subfield>
    <subfield code="o">HD82 E76 2014</subfield>
    <subfield code="p">20 003724</subfield>
    <subfield code="r">2018-04-05</subfield>
    <subfield code="s">2018-04-03</subfield>
    <subfield code="t">1</subfield>
    <subfield code="w">2017-06-06</subfield>
    <subfield code="y">LB</subfield>
  </datafield>
  <datafield tag="952" ind1=" " ind2=" ">
    <subfield code="0">0</subfield>
    <subfield code="1">0</subfield>
    <subfield code="2">lcc</subfield>
    <subfield code="4">0</subfield>
    <subfield code="7">0</subfield>
    <subfield code="a">04</subfield>
    <subfield code="b">04</subfield>
    <subfield code="d">2017-06-10</subfield>
    <subfield code="l">0</subfield>
    <subfield code="o">HD82 E76 </subfield>
    <subfield code="p">04 006764</subfield>
    <subfield code="r">2017-06-10</subfield>
    <subfield code="t">1</subfield>
    <subfield code="w">2017-06-10</subfield>
    <subfield code="y">LB</subfield>
  </datafield>
  <datafield tag="952" ind1=" " ind2=" ">
    <subfield code="0">0</subfield>
    <subfield code="1">0</subfield>
    <subfield code="2">lcc</subfield>
    <subfield code="4">0</subfield>
    <subfield code="7">0</subfield>
    <subfield code="a">04</subfield>
    <subfield code="b">04</subfield>
    <subfield code="d">2017-06-10</subfield>
    <subfield code="l">0</subfield>
    <subfield code="o">HD82 E76 </subfield>
    <subfield code="p">04 006765</subfield>
    <subfield code="r">2017-06-10</subfield>
    <subfield code="t">2</subfield>
    <subfield code="w">2017-06-10</subfield>
    <subfield code="y">LB</subfield>
  </datafield>
  <datafield tag="952" ind1=" " ind2=" ">
    <subfield code="0">0</subfield>
    <subfield code="1">0</subfield>
    <subfield code="2">lcc</subfield>
    <subfield code="4">0</subfield>
    <subfield code="7">0</subfield>
    <subfield code="a">03</subfield>
    <subfield code="b">03</subfield>
    <subfield code="d">2017-06-10</subfield>
    <subfield code="l">0</subfield>
    <subfield code="o">HD82 E76 2014</subfield>
    <subfield code="p">03 009440</subfield>
    <subfield code="r">2017-06-10</subfield>
    <subfield code="t">1</subfield>
    <subfield code="w">2017-06-10</subfield>
    <subfield code="y">LB</subfield>
  </datafield>
  <datafield tag="952" ind1=" " ind2=" ">
    <subfield code="0">0</subfield>
    <subfield code="1">0</subfield>
    <subfield code="2">lcc</subfield>
    <subfield code="4">0</subfield>
    <subfield code="7">0</subfield>
    <subfield code="a">03</subfield>
    <subfield code="b">03</subfield>
    <subfield code="d">2017-06-10</subfield>
    <subfield code="l">0</subfield>
    <subfield code="o">HD82 E76 2014</subfield>
    <subfield code="p">03 009441</subfield>
    <subfield code="r">2017-06-10</subfield>
    <subfield code="t">2</subfield>
    <subfield code="w">2017-06-10</subfield>
    <subfield code="y">LB</subfield>
  </datafield>
  <datafield tag="952" ind1=" " ind2=" ">
    <subfield code="0">0</subfield>
    <subfield code="1">0</subfield>
    <subfield code="4">0</subfield>
    <subfield code="7">0</subfield>
    <subfield code="a">18</subfield>
    <subfield code="b">18</subfield>
    <subfield code="d">2017-06-06</subfield>
    <subfield code="l">0</subfield>
    <subfield code="o">HB90 E76</subfield>
    <subfield code="p">18 004511</subfield>
    <subfield code="r">2017-06-13</subfield>
    <subfield code="t">1</subfield>
    <subfield code="w">2017-06-13</subfield>
    <subfield code="y">LB</subfield>
  </datafield>
  <datafield tag="952" ind1=" " ind2=" ">
    <subfield code="0">0</subfield>
    <subfield code="1">0</subfield>
    <subfield code="4">0</subfield>
    <subfield code="7">0</subfield>
    <subfield code="a">18</subfield>
    <subfield code="b">18</subfield>
    <subfield code="d">2017-06-06</subfield>
    <subfield code="l">0</subfield>
    <subfield code="o">HB90 E76</subfield>
    <subfield code="p">18 004512</subfield>
    <subfield code="r">2017-06-13</subfield>
    <subfield code="t">2</subfield>
    <subfield code="w">2017-06-13</subfield>
    <subfield code="y">LB</subfield>
  </datafield>
  <datafield tag="952" ind1=" " ind2=" ">
    <subfield code="0">0</subfield>
    <subfield code="1">0</subfield>
    <subfield code="2">lcc</subfield>
    <subfield code="4">0</subfield>
    <subfield code="7">0</subfield>
    <subfield code="a">21</subfield>
    <subfield code="b">21</subfield>
    <subfield code="d">2017-06-19</subfield>
    <subfield code="l">0</subfield>
    <subfield code="o">HD82 E76</subfield>
    <subfield code="p">21 003663</subfield>
    <subfield code="r">2017-06-19</subfield>
    <subfield code="t">1</subfield>
    <subfield code="w">2017-06-19</subfield>
    <subfield code="y">LB</subfield>
  </datafield>
  <datafield tag="952" ind1=" " ind2=" ">
    <subfield code="0">0</subfield>
    <subfield code="1">0</subfield>
    <subfield code="2">lcc</subfield>
    <subfield code="4">0</subfield>
    <subfield code="7">0</subfield>
    <subfield code="a">21</subfield>
    <subfield code="b">21</subfield>
    <subfield code="d">2017-06-19</subfield>
    <subfield code="l">0</subfield>
    <subfield code="o">HD82 E76 2014</subfield>
    <subfield code="p">21 003664</subfield>
    <subfield code="r">2017-06-19</subfield>
    <subfield code="t">2</subfield>
    <subfield code="w">2017-06-19</subfield>
    <subfield code="y">LB</subfield>
  </datafield>
  <datafield tag="952" ind1=" " ind2=" ">
    <subfield code="0">0</subfield>
    <subfield code="1">0</subfield>
    <subfield code="2">lcc</subfield>
    <subfield code="4">0</subfield>
    <subfield code="7">0</subfield>
    <subfield code="a">14</subfield>
    <subfield code="b">14</subfield>
    <subfield code="d">2017-06-06</subfield>
    <subfield code="l">0</subfield>
    <subfield code="o">HD82 E76 2014</subfield>
    <subfield code="p">14 006874</subfield>
    <subfield code="r">2017-06-29</subfield>
    <subfield code="t">1</subfield>
    <subfield code="w">2017-06-29</subfield>
    <subfield code="y">LB</subfield>
  </datafield>
  <datafield tag="952" ind1=" " ind2=" ">
    <subfield code="0">0</subfield>
    <subfield code="1">0</subfield>
    <subfield code="2">lcc</subfield>
    <subfield code="4">0</subfield>
    <subfield code="7">0</subfield>
    <subfield code="a">14</subfield>
    <subfield code="b">14</subfield>
    <subfield code="d">2017-06-06</subfield>
    <subfield code="l">0</subfield>
    <subfield code="o">HD82 E76 2014</subfield>
    <subfield code="p">14 006875</subfield>
    <subfield code="r">2017-06-29</subfield>
    <subfield code="t">2</subfield>
    <subfield code="w">2017-06-29</subfield>
    <subfield code="y">LB</subfield>
  </datafield>
  <datafield tag="952" ind1=" " ind2=" ">
    <subfield code="0">0</subfield>
    <subfield code="1">0</subfield>
    <subfield code="4">0</subfield>
    <subfield code="7">0</subfield>
    <subfield code="a">19</subfield>
    <subfield code="b">19</subfield>
    <subfield code="d">2017-07-26</subfield>
    <subfield code="l">0</subfield>
    <subfield code="o">HB90  E76</subfield>
    <subfield code="p">19 003078</subfield>
    <subfield code="r">2017-07-26</subfield>
    <subfield code="t">1</subfield>
    <subfield code="w">2017-07-26</subfield>
    <subfield code="y">LB</subfield>
  </datafield>
  <datafield tag="952" ind1=" " ind2=" ">
    <subfield code="0">0</subfield>
    <subfield code="1">0</subfield>
    <subfield code="4">0</subfield>
    <subfield code="7">0</subfield>
    <subfield code="a">19</subfield>
    <subfield code="b">19</subfield>
    <subfield code="d">2017-07-26</subfield>
    <subfield code="l">0</subfield>
    <subfield code="o">HB90  E76</subfield>
    <subfield code="p">19 003079</subfield>
    <subfield code="r">2017-07-26</subfield>
    <subfield code="t">2</subfield>
    <subfield code="w">2017-07-26</subfield>
    <subfield code="y">LB</subfield>
  </datafield>
  <datafield tag="952" ind1=" " ind2=" ">
    <subfield code="0">0</subfield>
    <subfield code="1">0</subfield>
    <subfield code="2">lcc</subfield>
    <subfield code="4">0</subfield>
    <subfield code="7">0</subfield>
    <subfield code="a">08</subfield>
    <subfield code="b">08</subfield>
    <subfield code="d">2017-04-06</subfield>
    <subfield code="l">0</subfield>
    <subfield code="o">HD82 E76 2014</subfield>
    <subfield code="p">08 006296</subfield>
    <subfield code="r">2017-08-14</subfield>
    <subfield code="t">2</subfield>
    <subfield code="w">2017-08-14</subfield>
    <subfield code="y">LB</subfield>
  </datafield>
  <datafield tag="952" ind1=" " ind2=" ">
    <subfield code="0">0</subfield>
    <subfield code="1">0</subfield>
    <subfield code="2">lcc</subfield>
    <subfield code="4">0</subfield>
    <subfield code="7">0</subfield>
    <subfield code="a">08</subfield>
    <subfield code="b">08</subfield>
    <subfield code="d">2017-06-04</subfield>
    <subfield code="l">0</subfield>
    <subfield code="o">HD82 E76 2014</subfield>
    <subfield code="p">08 006277</subfield>
    <subfield code="r">2017-08-17</subfield>
    <subfield code="t">1</subfield>
    <subfield code="w">2017-08-17</subfield>
    <subfield code="y">LB</subfield>
  </datafield>
  <datafield tag="952" ind1=" " ind2=" ">
    <subfield code="0">0</subfield>
    <subfield code="1">0</subfield>
    <subfield code="4">0</subfield>
    <subfield code="7">0</subfield>
    <subfield code="a">01</subfield>
    <subfield code="b">01</subfield>
    <subfield code="d">2018-07-24</subfield>
    <subfield code="l">0</subfield>
    <subfield code="o">330.9 E75s</subfield>
    <subfield code="p">01 014634</subfield>
    <subfield code="r">2018-07-24</subfield>
    <subfield code="t">1</subfield>
    <subfield code="w">2018-07-24</subfield>
    <subfield code="y">LB</subfield>
  </datafield>
  <datafield tag="952" ind1=" " ind2=" ">
    <subfield code="0">0</subfield>
    <subfield code="1">0</subfield>
    <subfield code="4">0</subfield>
    <subfield code="7">0</subfield>
    <subfield code="a">01</subfield>
    <subfield code="b">01</subfield>
    <subfield code="d">2018-07-24</subfield>
    <subfield code="l">0</subfield>
    <subfield code="o">330.9 E75s</subfield>
    <subfield code="p">01 014635</subfield>
    <subfield code="r">2018-07-24</subfield>
    <subfield code="t">2</subfield>
    <subfield code="w">2018-07-24</subfield>
    <subfield code="y">LB</subfield>
  </datafield>
  <datafield tag="952" ind1=" " ind2=" ">
    <subfield code="0">0</subfield>
    <subfield code="1">0</subfield>
    <subfield code="2">lcc</subfield>
    <subfield code="4">0</subfield>
    <subfield code="7">0</subfield>
    <subfield code="a">09</subfield>
    <subfield code="b">09</subfield>
    <subfield code="d">2019-01-17</subfield>
    <subfield code="l">0</subfield>
    <subfield code="o">HB90 E76 2014</subfield>
    <subfield code="p">09 005333</subfield>
    <subfield code="r">2019-01-17</subfield>
    <subfield code="t">1</subfield>
    <subfield code="w">2019-01-17</subfield>
    <subfield code="y">LB</subfield>
  </datafield>
  <datafield tag="952" ind1=" " ind2=" ">
    <subfield code="0">0</subfield>
    <subfield code="1">0</subfield>
    <subfield code="2">lcc</subfield>
    <subfield code="4">0</subfield>
    <subfield code="7">0</subfield>
    <subfield code="a">09</subfield>
    <subfield code="b">09</subfield>
    <subfield code="d">2019-01-17</subfield>
    <subfield code="l">0</subfield>
    <subfield code="o">HB90 E76 2014</subfield>
    <subfield code="p">09 005334</subfield>
    <subfield code="r">2019-01-17</subfield>
    <subfield code="t">2</subfield>
    <subfield code="w">2019-01-17</subfield>
    <subfield code="y">LB</subfield>
  </datafield>
  <datafield tag="999" ind1=" " ind2=" ">
    <subfield code="c">102052</subfield>
    <subfield code="d">102052</subfield>
  </datafield>
  <controlfield tag="005">20231102152030.0</controlfield>
  <controlfield tag="008">170606s2014    mx ad         001 0 spa d</controlfield>
  <datafield tag="020" ind1=" " ind2=" ">
    <subfield code="a">9786073225960</subfield>
  </datafield>
  <datafield tag="050" ind1=" " ind2="4">
    <subfield code="a">HB90</subfield>
    <subfield code="b">E76</subfield>
  </datafield>
  <datafield tag="082" ind1=" " ind2="4">
    <subfield code="a">330.9</subfield>
    <subfield code="b">E75s</subfield>
  </datafield>
  <datafield tag="100" ind1="1" ind2=" ">
    <subfield code="a">Erquizio Espinal, Alfredo</subfield>
    <subfield code="e">autor</subfield>
  </datafield>
  <datafield tag="245" ind1="1" ind2="0">
    <subfield code="a">Sistemas econ&#xF3;micos comparados</subfield>
    <subfield code="b">: crisis, transiciones y prospectivas</subfield>
    <subfield code="c">/ Alfredo Erquizio Espinal</subfield>
  </datafield>
  <datafield tag="260" ind1=" " ind2=" ">
    <subfield code="a">M&#xE9;xico</subfield>
    <subfield code="b">: Pearson Educaci&#xF3;n</subfield>
    <subfield code="c">, 2014</subfield>
  </datafield>
  <datafield tag="300" ind1=" " ind2=" ">
    <subfield code="a">xviii, 174 p&#xE1;ginas</subfield>
  </datafield>
  <datafield tag="500" ind1=" " ind2=" ">
    <subfield code="a">Incluye: 
&#xED;ndice de cuadros gr&#xE1;ficos y figuras</subfield>
  </datafield>
  <datafield tag="504" ind1=" " ind2=" ">
    <subfield code="a">Bibliograf&#xED;a (pp. 171-172)</subfield>
  </datafield>
  <datafield tag="505" ind1="0" ind2=" ">
    <subfield code="a">Crisis capitalista y pol&#xED;tica econ&#xF3;mica
Crisis fiscal del Estado capitalista
Ciclos y crisis en el capitalismo
Cr&#xED;tica del capitalismo: el aporte de Marx
Ciclos econ&#xF3;micos de corto y largo plazo en el capitalismo
Crisis del socialismo: el aporte de Kornai
Transici&#xF3;n del socialismo al capitalismo
Transici&#xF3;n al capitalismo en China
Transici&#xF3;n de fase en el capitalismo avanzado</subfield>
  </datafield>
  <datafield tag="519" ind1=" " ind2=" ">
    <subfield code="a">Material Complementario / </subfield>
    <subfield code="d">(20 003724)</subfield>
  </datafield>
  <datafield tag="519" ind1=" " ind2=" ">
    <subfield code="a">Educaci&#xF3;n Mixta / </subfield>
    <subfield code="b">Derecho / </subfield>
    <subfield code="c">Pol&#xED;tica Econ&#xF3;mica, Fiscal Monetaria y Crediticia (P01) / </subfield>
    <subfield code="d">(04 006764) </subfield>
  </datafield>
  <datafield tag="519" ind1=" " ind2=" ">
    <subfield code="a">Educaci&#xF3;n Mixta / </subfield>
    <subfield code="b">Derecho / </subfield>
    <subfield code="c">Pol&#xED;tica Econ&#xF3;mica, Fiscal Monetaria y Crediticia (P01) / </subfield>
    <subfield code="d">(21 003663, 21 003664) </subfield>
  </datafield>
  <datafield tag="519" ind1=" " ind2=" ">
    <subfield code="a">Educaci&#xF3;n Mixta / </subfield>
    <subfield code="b">Derecho / </subfield>
    <subfield code="c">Pol&#xED;tica Econ&#xF3;mica, Fiscal Monetaria y Crediticia (P01) / </subfield>
    <subfield code="d">(09 005333, 09 005334)</subfield>
  </datafield>
  <datafield tag="519" ind1=" " ind2=" ">
    <subfield code="a">Material Complementario / </subfield>
    <subfield code="d">(03 009440, 03 009441) </subfield>
  </datafield>
  <datafield tag="519" ind1=" " ind2=" ">
    <subfield code="a">Material Complementario / </subfield>
    <subfield code="d">(18 004511, 18 004512)</subfield>
  </datafield>
  <datafield tag="519" ind1=" " ind2=" ">
    <subfield code="a">Material Complementario / </subfield>
    <subfield code="d">(14 006874, 14 006875)</subfield>
  </datafield>
  <datafield tag="519" ind1=" " ind2=" ">
    <subfield code="a">Educaci&#xF3;n Mixta / </subfield>
    <subfield code="b">Derecho / </subfield>
    <subfield code="c">Material Complementario / (B05-4) / </subfield>
    <subfield code="d">(19 003078, 19 003079)</subfield>
  </datafield>
  <datafield tag="519" ind1=" " ind2=" ">
    <subfield code="a">Material Complementario /</subfield>
    <subfield code="b">Administraci&#xF3;n /</subfield>
    <subfield code="d">(08 006296)</subfield>
  </datafield>
  <datafield tag="519" ind1=" " ind2=" ">
    <subfield code="a">Material Complementario  /</subfield>
    <subfield code="b">Contadur&#xED;a /</subfield>
    <subfield code="d">(08 006277)</subfield>
  </datafield>
  <datafield tag="519" ind1=" " ind2=" ">
    <subfield code="a">Material Complementario /</subfield>
    <subfield code="d">(01 014634) </subfield>
  </datafield>
  <datafield tag="650" ind1="1" ind2="4">
    <subfield code="a">SISTEMAS ECON&#xD3;MICOS</subfield>
  </datafield>
  <datafield tag="650" ind1="2" ind2="4">
    <subfield code="a">CRISIS ECON&#xD3;MICA</subfield>
  </datafield>
  <datafield tag="942" ind1=" " ind2=" ">
    <subfield code="c">LB</subfield>
  </datafield>
</record>
